00236nam a2200073 4500082001200000245012900012260001100141300001000152 a540 PRO aProceedings of the International symposium on university industry interactions in chemistry Toronto,Canada 4-7 December 1978 bUNESCO a292 p